El texto de la novela /
Zapisane w:
| 1. autor: | |
|---|---|
| Format: | Nieznany |
| Język: | Spanish |
| Wydane: |
Barcelona, España :
Lumen,
1981.
|
| Wydanie: | 2. edición |
| Seria: | (Palabra en el tiempo ;
108) |
| Hasła przedmiotowe: | |
| Etykiety: |
Dodaj etykietę
Nie ma etykietki, Dołącz pierwszą etykiete!
|
MARC
| LEADER | 000000000a22000000004500 | ||
|---|---|---|---|
| 001 | 013558 | ||
| 041 | 0 | |a spa | |
| 082 | 0 | 4 | |a 808.3 |b K92t2 |
| 100 | 1 | |a Kristeva, Julia, |d 1941- | |
| 245 | 1 | 3 | |a El texto de la novela / |c Julia Kristeva. |
| 250 | |a 2. edición | ||
| 260 | 1 | |a Barcelona, España : |b Lumen, |c 1981. | |
| 300 | |a 291 páginas | ||
| 490 | 1 | |a (Palabra en el tiempo ; |v 108) | |
| 650 | 4 | |a NOVELA | |
| 650 | 4 | |a NOVELA | |
| 999 | |c 19477 |d 19477 | ||
| 942 | |c BK |h 808.3 K92t2 |2 z | ||
